000 00938nam a22003017a 4500
003 CHAP
005 20220329140420.0
008 971013s1986 r 00010 d
010 _a51661
011 _a52633
035 _a56783
040 _cCHAP
082 _a589.2
_bA7 1986
100 0 0 _aArora, David.
_97335
245 _aMushrooms demystified
_b: a comprehensive guide to the fleshy fungi
250 _a2 ed.
260 _aBerkeley, Ca. :
_bTen Speed Press,
_c1986
300 _a959 p.
_b: ilus.
590 _aBATCH-UPD
_b10
_c20130110
_lUCH01
_h1637
590 _aBATCH-UPD
_b10
_c20130410
_lUCH01
_h1028
590 _aBATCH-UPD
_b10
_c20130914
_lUCH01
_h1620
590 _aCONVERSION
_b10
_c20130109
_lUCH01
_h1328
650 1 4 _aHongos
_xCalifornia.
_956089
650 1 4 _aHongos
_xIdentificación.
_956105
901 _aBK
942 _cLIBRO
949 _a589.2 A7 1986
_bBC
_cC
_d33724000526877
_eC
_gI. 179882
_h89727
_i56783
_si
_t220.00
999 _c51661
_d51661